| 000 | 00963nam a22002057a 4500 | ||
|---|---|---|---|
| 008 | 100629t xxu||||| |||| 00| 0 eng d | ||
| 082 |
_222 _a239 _bإ ب ي |
||
| 100 |
_915441 _aالأبيارى، فتحى |
||
| 245 |
_aمحمد صلى الله عليه و سلم و السيرة النبوية الشريفة: _bمعلومات و بياتات |
||
| 260 |
_aالقاهرة: _bالهيئة العامة لقصور الثقافة، _c1996. |
||
| 300 |
_a145ص. _c20سم. |
||
| 490 |
_915442 _a ؛مكتبة الشباب _v45. |
||
| 541 | _aإهداء | ||
| 650 |
_914509 _aالسيرة النبوية |
||
| 650 |
_98738 _aزوجات النبى |
||
| 650 |
_98737 _aغزوات النبى |
||
| 650 |
_98736 _aالحديث، علم |
||
| 942 |
_2ddc _cBB |
||
| 999 |
_c14284 _d14284 |
||